Southville International School and Colleges
Your cart is empty.
  • Cart
  • Lists
    Public lists Eva Luna New books Lux_list list_1
    Your lists Log in to create your own lists
  • Log in to your account
  • Your cookies
  • Search history
Southville International School and Colleges
  • Advanced search
  • Recent comments
  • Most popular
  • Libraries

Log in to your account

Log in with GOOGLE


If you do not have an external account, but do have a local account, you can still log in:

  1. Home
  2. MARC view: The Tooth book. /
Normal view MARC view ISBD view

The Tooth book. / (Record no. 103790)

[ view plain ]
MARC details
000 -LEADER
fixed length control field 00630nam a2200193 a 4500
001 - CONTROL NUMBER
control field s
005 - DATE AND TIME OF LATEST TRANSACTION
control field 20140412111308.0
008 - FIXED-LENGTH DATA ELEMENTS--GENERAL INFORMATION
fixed length control field 001207s19uu xx 00 eng d
020 ## - INTERNATIONAL STANDARD BOOK NUMBER
International Standard Book Number 0-394-84825-X
050 ## - LIBRARY OF CONGRESS CALL NUMBER
Classification number ER
Item number To55 1981
100 ## - MAIN ENTRY--PERSONAL NAME
Personal name LeSieg, Theo.
245 ## - TITLE STATEMENT
Title The Tooth book. /
Statement of responsibility, etc by Theo. LeSeig; illustrated by Roy McKie.
260 ## - PUBLICATION, DISTRIBUTION, ETC. (IMPRINT)
Place of publication, distribution, etc New York :
Name of publisher, distributor, etc A Bright & Early Book,
Date of publication, distribution, etc 1981.
300 ## - PHYSICAL DESCRIPTION
Extent 1 v. (unp.) ; ill.
520 ## - SUMMARY, ETC.
Summary, etc Rhyming text and illustrations briefly point out what animals have teeth, their uses, and how to care for them.
650 ## - SUBJECT ADDED ENTRY--TOPICAL TERM
Topical term or geographic name as entry element Teeth -- Fiction
650 ## - SUBJECT ADDED ENTRY--TOPICAL TERM
Topical term or geographic name as entry element Stories in rhyme
Holdings
Withdrawn status Lost status Damaged status Use restrictions Home library Current library Shelving location Date acquired Source of acquisition Total Checkouts Full call number Barcode Date last seen Price effective from Koha item type
        Elizalde Library Elizalde Library Easy Reading Section 12/07/2000     ER To55 1981 E5887 04/12/2014 04/12/2014 Books

The Tooth book. /

APA

LeSieg T., . (1981). The Tooth book. New York: A Bright & Early Book.

Chicago

LeSieg Theo, . 1981. The Tooth book. New York: A Bright & Early Book.

Harvard

LeSieg T., . (1981). The Tooth book. New York: A Bright & Early Book.

MLA

LeSieg Theo, . The Tooth book. New York: A Bright & Early Book. 1981.

  • Place hold
  • Print
  • Cite
  • Add to your cart (remove)
  • Save record
    BIBTEX Dublin Core MARCXML MARC (non-Unicode/MARC-8) MARC (Unicode/UTF-8) MARC (Unicode/UTF-8, Standard) MODS (XML) RIS
  • More searches
    Search for this title in:
    Other Libraries (WorldCat) Other Databases (Google Scholar) Online Stores (Bookfinder.com) Open Library (openlibrary.org)

Exporting to Dublin Core...

SOUTHVILLE LIBRARY

Southville International School and Colleges Library

1281 Tropical Ave. Cor. Luxembourg St., BF Homes International, Las Pinas City

Tel. No. 8256374 / 252358 Loc. 117/146

Powered by Koha